| 000 | 00798nam a2200229Ia 4500 | ||
|---|---|---|---|
| 999 |
_c59518 _d59518 |
||
| 003 | GCL | ||
| 005 | 20240530110245.0 | ||
| 008 | 140319s9999 xx 000 0 ara d | ||
| 040 |
_aGCL / _cGCL |
||
| 082 | 0 | 4 |
_a574.03 _bل م |
| 110 | 0 | _aلجنة علوم الاحياء والزراعة | |
| 245 | 1 | 0 |
_aمعجم البيولوجيا فى علوم الاحياء والزراعة / _cلجنة علوم الاحياء والزراعة |
| 260 |
_aالقاهرة : _bالهيئة العامة لشئون المطابع الاميرية ، _c1981 |
||
| 300 | _aاجزاء | ||
| 650 | 0 | 4 | _aالمعاجم |
| 650 | 0 | 4 | _aالنبات |
| 650 | 0 | 4 | _aالمواد |
| 650 | 0 | 4 | _aالاحياء |
| 650 | 0 | 4 | _aالاحياء المائية |
| 650 | 0 | 4 | _aالمورفولوجيا |
| 942 |
_2ddc _cREF |
||